00950cam a2200253 a 45000010008000000030004000080050017000120080041000290100017000700200025000870350020001120400018001320420014001500500024001640820023001882450229002112600037004403000036004775040041005136100022005546500037005766500042006137000041006554912892OSt20170123161007.0940406s1993 enkae 000 0 eng d a 94142052  a0727716840 :c$77.40 a(OCoLC)29352024 aOClcOCldDLC alccopycat00aNA5471.D9bE54 199300a726/.6/094286522000aEngineering a cathedral :bproceedings of the conference Engineering a cathedral held at Durham Cathedral on 9-11 September 1993 as part of the 900th anniversary celebrations of Durham Cathedral /cedited by Michael Jackson. aLondon :bThomas Telford,c1993. a191 p. :bill., plans ;c24 cm. aIncludes bibliographical references.20aDurham Cathedral. 0aChurch architecturexCongresses. 0aChurch architecturezEnglandzDurham.1 aJackson, Michael J.q(Michael James)